|
|
|
|
| LEADER |
00000nam a22000007a 4500 |
| 005 |
2021011108128.0 |
| 007 |
cr|||| |||| |
| 008 |
210111s2020 co |||||s|||| 00||0 spa d |
| 035 |
|
|
|a 32543
|
| 040 |
|
|
|a vLex
|
| 090 |
|
|
|c 11075
|d 11075
|
| 100 |
1 |
|
|a Restrepo Pimienta, Jorge Luis
|
| 245 |
1 |
0 |
|a Fundamentos jurd̕icos-constitucionales generadores de consecuencias disciplinarias y sanciones econm̤icas...
|h [Recurso electrn̤ico] /
|c Jorge Luis Restrepo Pimienta, Antonio Varela Consuegra, Marcela Gomez Gomez
|
| 256 |
|
|
|a Servicio en ln̕ea
|
| 260 |
|
|
|a Bogot:̀
|b Editorial vLex,
|c 2020
|
| 300 |
|
|
|a 1 recurso electrn̤ico
|
| 500 |
|
|
|a a los servidores pb︢licos por omisin̤ obligaciones de seguridad social.
|
| 506 |
1 |
|
|a Disponible solo en los productos indicados
|d vLex Global
|d vLex Global (Academic Edition, excluding Law Schools)
|d vLex Global (U.S. Academic Edition, Law Schools)
|d vLex Global (U.S. Academic Edition, excluding Law Schools)
|d vLex Global (Academic Edition, Law Schools)
|
| 650 |
0 |
4 |
|a Derecho Constitucional
|z Colombia
|
| 650 |
0 |
4 |
|a Derecho Pb︢lico y Administrativo
|z Colombia
|
| 650 |
0 |
4 |
|a Derecho Laboral y Seguridad Social
|z Colombia
|
| 700 |
1 |
|
|a Varela Consuegra, Antonio
|
| 700 |
1 |
|
|a Gomez Gomez, Marcela
|
| 740 |
0 |
|
|a vLex Libros (Servicio en ln̕ea)
|
| 856 |
4 |
0 |
|u http://vlex.com/source/fundamentos-juridicos-constitucionales-generadores-de-consecuencias-disciplinarias-y-sanciones-economicas--32543
|z Acceso restringido
|
| 942 |
|
|
|c BOOK
|
| 999 |
0 |
|
|a Constitutional Law
|
| 999 |
0 |
|
|a Public and Administrative Law
|
| 999 |
0 |
|
|a Labor Law and Social Security
|